|
|
|
|
| LEADER |
00000nab a2200000 a 4500 |
| 001 |
vtls000568082 |
| 003 |
SK-MaSNL |
| 005 |
20260304095815.0 |
| 008 |
250425c1995 xo 0 slo |
| 015 |
|
|
|a SNBRB19rr/mm-uuuuu
|
| 035 |
|
|
|a CL0568220
|
| 035 |
|
|
|a urn:nbn:sk:snk-abdpac
|
| 035 |
|
|
|a (urnnbn)urn:nbn:sk:snk:ar-000zzc
|
| 035 |
|
|
|a (uuid)fea1ee78-e29d-4c56-aa21-2426ca91fcf3
|
| 040 |
|
|
|a SNKBUCL
|b slo
|c SNKBUCL
|e AACR2
|
| 041 |
0 |
|
|a slo
|
| 044 |
|
|
|a xo
|c SK
|
| 080 |
|
|
|a 792.077:82:061.7:06.063:82.085
|2 1981
|
| 080 |
|
|
|a 82:061.7
|2 1981
|
| 080 |
|
|
|a 82.085
|2 1981
|
| 100 |
1 |
|
|a Šárik, Ľubomír
|4 aut
|9 287501
|
| 245 |
1 |
0 |
|a Odpútať sa od zeme
|b Úvaha o divadle poézie po 41. ročníku Hviezdoslavovho Kubína
|c Ľubomír Šárik
|
| 300 |
|
|
|b Fotogr. 3
|
| 650 |
0 |
7 |
|a divadlo poézie
|2 snkbucl
|9 27022
|
| 650 |
0 |
7 |
|a Hviezdoslavov Kubín 1995
|2 snkbucl
|9 1373343
|
| 655 |
|
7 |
|a články z novín a časopisov
|2 snkbucl
|9 267496
|
| 773 |
0 |
|
|t Javisko
|g Roč. 27, č. 12 (1995), s. 17-19
|
| 850 |
|
|
|a Slovenská národná knižnica
|
| 852 |
|
|
|a Slovenská národná knižnica
|
| 954 |
|
|
|a odborná, vedecká literatúra pôvodná (slovenská)
|2 lita
|
| 958 |
|
|
|a article19
|
| 958 |
|
|
|a OND
|
| 958 |
|
|
|a RK
|
| 958 |
|
|
|a EUIPO
|
| 992 |
|
|
|a RBX
|
| 999 |
|
|
|c 2834520
|d 2836450
|